Statistics for January Till December #1 January

Click here to take the quiz!

General Stats

  • This quiz has been taken 2 times
  • The average score is 9 of 31

Answer Stats

DateYearHintAnswer% Correct
31925This fascist declares dictatorship over an European countryBenito Mussolini
100%
111972Bangladesh is renamed from this former nameEast Pakistan
100%
161547This Grand Duke becomes the first Tsar of RussiaIvan IV
100%
221957Israel withdraws from this peninsulaSinai Peninsula
100%
301648The Treaty of Münster and Osnabrück is signed, ending the Eighty Years' War between Spain and this countrythe Netherlands
100%
241965This former prime minister passes awayWinston Churchill
100%
29No, won't tell you :)This US president described Iraq, Iran, and North Korea as an “axis of evil” for their attempts to develop nuclear, chemical, or biological weaponry.George W. Bush
50%
121991Congress voted to authorise the use of military force against Iran to end it's occupation of this countryKuwait
50%
61912This state becomes the 47th US stateNew Mexico
50%
271944This 900-day long siege is liftedSiege of Leningrad
50%
101920This treaty takes effect, ending WWITreaty of Versailles
50%
211925This European country declares itself a republicAlbania
0%
51968This person comes to power, starting the "Prague Spring"Alexander Dubček
0%
91858This last president of the Republic of Texas (not the state) commits suicideAnson Jones
0%
151969The Soviet spacecraft Soyuz 5 is launched. Who was it's commander?Boris Volynov
0%
41896This country gains independence from the UKBurma
0%
131993This convention is signed in the HagueChemical Weapons Convention
0%
141539Spain annexes this countryCuba
0%
171917The US buys the Virgin Islands from this countryDenmark
0%
231789This first Christian university is foundedGeorgetown College
0%
201841This island is occupied by the UKHong Kong Island
0%
281935This country becomes the first country to legalize therapeutic abortionIceland
0%
311968This Oceanian country gains independenceNauru
0%
21978Paramilitary forces opened fire on peaceful protesting workers in this countryPakistan
0%
11912This republic that was later replaced in a civil war, was establishedRepublic of China
0%
71985This Japanese spacecraft, which is the first deep space probe to be launched by any country other than the United States or the Soviet Union, is launchedSakigake
0%
191607This church, the oldest church in the Philippines, was builtSan Agustin Church
0%
182002Civil war ends in this countrySierra Leone
0%
261917This US state makes the first prohibition law in USA, prohibiting alcoholic beverages being sold in storesTennessee
0%
251918This country declares independence from the USSRUkraine
0%
82020This plane was shot down by an IranIan anti-aircraft missile, killing over 170 peopleUkraine International Airlines Flight 752
0%

Score Distribution

Percentile by Number Answered

Percent of People with Each Score

Your Score History

You have not taken this quiz